000 00751nam a2200217Ia 4500
999 _c34514
_d34514
001 264
003 GE_BSU
005 20221125165736.0
008 181216s2008||||ge |||||||||||||| ||geo||
020 _a97899419040x
040 _cGE_BSU
041 _ageo
080 _a159.9 ფ-96
245 _aფსიქოლოგიის საფუძვლები /
_c[რედ. ი. იმედაძე].
264 _aთბილისი :
_bმწიგნობარი,
_c2008.
300 _a426 გვ.;
_b20 სმ.
653 _aფსიქოლოგიის საფუძვლები
653 _aფსიქოლოგია
700 _aიმედაძე, ი.
_eრედაქტორი
_916124
942 _cBK
_2udc